000 00780 a2200229 4500
001 119358
020 _a9788538016731
041 _apor
082 _a398.21
245 1 0 _aBambi
250 _a1.ed.
520 _aQuando Bambi nasceu, foi um maravilhoso acontecimento. Todos os animais ficaram animados. Bambi e sua mãe viviam muito felizes. Porém, um dia, os caçadores apareceram e tudo mudou. Leia este belo conto clássico e emocione-se a cada página.
521 _aYear 2
697 _aLiteratura infantojuvenil
697 _aConto de fadas.
856 _u000035/00003524.jpg
040 _aBR-BrIDEA
_cBR-BrIDEA
090 _aA Year 2 398
_bBAM
260 _aSão Paulo
_bCiranda Cultural
_c2010
300 _a16 p.
_bil.color
_e28 x 21.6 x 0.4 cm
942 _cBK
999 _c119358
_d119358